|
|
|
|
| LEADER |
01131naa a2200289 i 4500 |
| 001 |
acta84809 |
| 005 |
20240430143453.0 |
| 008 |
240430s2024 hu o 100 eng d |
| 024 |
7 |
|
|a 10.14232/MAK.2024.17
|2 doi
|
| 040 |
|
|
|a SZTE Egyetemi Kiadványok Repozitórium
|b hun
|
| 041 |
|
|
|a eng
|
| 100 |
1 |
|
|a Ajtai Tibor
|
| 245 |
1 |
0 |
|a Absorption based source apportionment of atmospheric carbonaceous particulate matter using Aethalometer and Photoacoustic methods
|h [elektronikus dokumentum] :
|b [abstract] /
|c Ajtai Tibor
|
| 260 |
|
|
|c 2024
|
| 300 |
|
|
|a 17
|
| 490 |
0 |
|
|a Magyar Aeroszol Konferencia
|v 16
|
| 650 |
|
4 |
|a Természettudományok
|
| 650 |
|
4 |
|a Kémiai tudományok
|
| 650 |
|
4 |
|a Föld- és kapcsolódó környezettudományok
|
| 695 |
|
|
|a Aeroszol - légkör - előadáskivonat
|
| 700 |
0 |
1 |
|a Utry Noémi
|e aut
|
| 700 |
0 |
1 |
|a Gombi Csilla
|e aut
|
| 700 |
0 |
1 |
|a Salma Imre
|e aut
|
| 700 |
0 |
1 |
|a Abdul Rahman
|e aut
|
| 700 |
0 |
1 |
|a Bozóki Zoltán
|e aut
|
| 711 |
|
|
|a XVI. Magyar Aeroszol Konferencia
|c Szarvas
|d 2024. április 25-27.
|
| 856 |
4 |
0 |
|u http://acta.bibl.u-szeged.hu/84809/1/2024_magyar_aeroszol_konferencia_017.pdf
|z Dokumentum-elérés
|